Phương pháp luyện kỹ năng nói chuyện có hiệu quả trước công chúng = The quick and easy way to effective speaking

Trình bày những nguyên tắc cơ bản của kĩ năng nói hiệu quả, gây niềm tin tưởng, gây ấn tượng với người nghe, cách chuẩn bị bài diễn văn để truyền đạt thông tin...

Tallennettuna:
Bibliografiset tiedot
Päätekijä: Carnegie, Dale
Aineistotyyppi: Kirja
Kieli:Undetermined
Julkaistu: Hà Nội Lao động - Xã hội 2009
Aiheet:
Tagit: Lisää tagi
Ei tageja, Lisää ensimmäinen tagi!
Thư viện lưu trữ: Trung tâm Học liệu Trường Đại học Cần Thơ
LEADER 00984nam a2200217Ia 4500
001 CTU_147929
008 210402s9999 xx 000 0 und d
020 |c 37000 
082 |a 808.51 
082 |b C289 
100 |a Carnegie, Dale 
245 0 |a Phương pháp luyện kỹ năng nói chuyện có hiệu quả trước công chúng = 
245 4 |b The quick and easy way to effective speaking 
245 0 |c Dale Carnegie ; Tuyết Minh dịch 
260 |a Hà Nội 
260 |b Lao động - Xã hội 
260 |c 2009 
520 |a Trình bày những nguyên tắc cơ bản của kĩ năng nói hiệu quả, gây niềm tin tưởng, gây ấn tượng với người nghe, cách chuẩn bị bài diễn văn để truyền đạt thông tin... 
650 |a Public speaking,Nói trước công chúng 
904 |i Trọng Hải 
980 |a Trung tâm Học liệu Trường Đại học Cần Thơ